00544nam a2200205Ia 450000500170000000800410001702000270005804000190008504100120010408200130011610000180012924500470014726000540019430000130024850400190026163000140028065000190029465100150031385000100032820220718163258.0140110s9999 xx 000 0 und d a9780300106367cRs 1582 aLoreto College aEnglish a803bMIK aMikics, David 2aA handbook of literary termscDavid Mikics aNew Haven and LondonbYale University Pressc2007 axi,348p  aIncludes index aCriticism aLiterary Terms aLiterature aLCLIB